Latin American Currencies - Statistics

General Stats
  • This quiz has been taken 201 times
  • The average score is 15 of 20
Answer Stats
Country Symbol Answer % Correct
Argentina $ peso
95%
Colombia $ peso
92%
Chile $ peso
91%
México $ peso
90%
Cuba $ peso
85%
Dominican Republic $ peso
84%
Uruguay $ peso
82%
Brazil R$ Real
80%
Panamá (co-official) $ dollar / US dollar
77%
Venezuela Bs. bolívar
75%
Ecuador $ dollar / US dollar
74%
El Salvador $ dollar / US dollar
72%
Guatemala Q quetzal
71%
Bolivia Bs boliviano
63%
Paraguay guaraní
63%
Perú S/ sol
63%
Costa Rica colón
56%
Panamá (co-official) B/. balboa
48%
Nicaragua C$ córdoba
48%
Honduras L lempira
48%
No matching quizzes found
Score Distribution
Percent of People with Each Score
Percentile by Number Answered
Your Score History
You have not taken this quiz